Introgression into tomato (Lycopersicon esculentum) of the L. chmielewskii sucrose accumulator gene (sucr) controlling fruit sugar composition (Record no. 61609)

MARC details
000 -LEADER
fixed length control field 00492nam a2200157Ia 4500
100 ## - MAIN ENTRY--AUTHOR NAME
Personal name Chetelat R T
245 #0 - TITLE STATEMENT
Title Introgression into tomato (Lycopersicon esculentum) of the L. chmielewskii sucrose accumulator gene (sucr) controlling fruit sugar composition
260 ## - PUBLICATION, DISTRIBUTION, ETC. (IMPRINT)
Name of publisher Theoretical and Applied Genetics
Year of publication 1995
300 ## - PHYSICAL DESCRIPTION
Number of Pages 327-333
650 ## - SUBJECT ADDED ENTRY--TOPICAL TERM
Topical Term PCR
650 ## - SUBJECT ADDED ENTRY--TOPICAL TERM
Topical Term RFLPs
700 ## - ADDED ENTRY--PERSONAL NAME
Personal name Bennett A B
700 ## - ADDED ENTRY--PERSONAL NAME
Personal name DeVerna J W
942 ## - ADDED ENTRY ELEMENTS (KOHA)
Koha item type Journals
Holdings
Withdrawn status Lost status Damaged status Not for loan Home library Current library Shelving location Date acquired Serial Enumeration / chronology Koha item type
      Journals RRII Library RRII Library PCR 17/12/2021 Volume 91, Issue 2 Journals